Catálogo
 En Linea

Rectificaciones históricas / (Registro nro. 26780)

Detalles MARC
000 -CABECERA
campo de control de longitud fija 00954nam a2200289 i 4500
001 - NÚMERO DE CONTROL
campo de control 000027288
003 - IDENTIFICADOR DEL NÚMERO DE CONTROL
campo de control DO-SdBNP
005 - FECHA Y HORA DE LA ÚLTIMA TRANSACCIÓN
campo de control 20241119123632.0
007 - CAMPO FIJO DE DESCRIPCIÓN FÍSICA--INFORMACIÓN GENERAL
campo de control de longitud fija ta
008 - DATOS DE LONGITUD FIJA--INFORMACIÓN GENERAL
campo de control de longitud fija 110331s1976 dr c 000 0 spa d
040 ## - FUENTE DE LA CATALOGACIÓN
Centro catalogador/agencia de origen DO-SdBNP
Lengua de catalogación spa
Centro/agencia transcriptor BNPHU
Normas de descripción rda
082 ## - NÚMERO DE LA CLASIFICACIÓN DECIMAL DEWEY
Número de clasificación xxxx
Número de documento/Ítem T266r, 1976
Número de edición 22
100 1# - ENTRADA PRINCIPAL--NOMBRE DE PERSONA
Nombre de persona Tejera, Apolinar
Término indicativo de función/relación autor
9 (RLIN) 43974
245 10 - MENCIÓN DE TÍTULO
Título Rectificaciones históricas /
Mención de responsabilidad, etc. Apolinar Tejera; introducción Jorge Tena Reyes.
250 ## - MENCIÓN DE EDICIÓN
Mención de edición 2a edición corregida
264 ## - PRODUCCIÓN, PUBLICACIÓN, DISTRIBUCIÓN, FABRICACIÓN Y COPYRIGHT
Producción, publicación, distribución, fabricación y copyright Santo Domingo, :
Nombre del de productor, editor, distribuidor, fabricante Biblioteca Nacional,
Fecha de producción, publicación, distribución, fabricación o copyright 1976.
300 ## - DESCRIPCIÓN FÍSICA
Extensión volumen :
Otras características físicas retratos. ;
Dimensiones 23 cm.
336 ## - TIPO DE CONTENIDO
Término de tipo de contenido rdacontent
Código de tipo de contenido texto
Fuente txt
337 ## - TIPO DE MEDIO
Nombre/término del tipo de medio rdamedia
Código del tipo de medio sin mediación
Fuente n
338 ## - TIPO DE SOPORTE
Nombre/término del tipo de soporte rdacarrier
Código del tipo de soporte volumen
Fuente nc
500 ## - NOTA GENERAL
Nota general La biblioteca posee el v. 3
504 ## - NOTA DE BIBLIOGRAFÍA, ETC.
Nota de bibliografía, etc. Incluye referencias bibliográficas y notas al pie de las páginas
590 ## - NOTA LOCAL (RLIN)
Nota local Inventariado, 2024/DG
700 1# - PUNTO DE ACCESO ADICIONAL--NOMBRE DE PERSONA
Nombre de persona Tena Reyes, Jorge,
Término indicativo de función/relación introdución
9 (RLIN) 8252
910 ## - DATOS DE OPCIÓN DEL USUARIO (OCLC)
Datos de opción del usuario DG
942 ## - ELEMENTOS DE PUNTO DE ACCESO ADICIONAL (KOHA)
Fuente del sistema de clasificación o colocación Dewey Decimal Classification
Tipo de ítem Koha Libro
Existencias
Estado de retiro Estado de pérdida No para préstamo Código de colección Localización permanente Ubicación/localización actual Ubicación en estantería Fecha de adquisición Número de inventario Total de préstamos Signatura topográfica completa Código de barras Fecha visto por última vez Precio válido a partir de Tipo de ítem Koha Fuente del sistema de clasificación o colocación Restricciones de uso Fuente de adquisición Número de copia Nota pública
      Dominicana de Servicio Biblioteca Nacional Pedro Henríquez Ureña Biblioteca Nacional Pedro Henríquez Ureña En catalogación 19.11.2024     BNPHU DS T266r, 1976 2024-6504 19.11.2024 19.11.2024 Libro Dewey Decimal Classification Préstamo en sala Donado por la Presidencia de la República Dominicana 2023 v.3,e.3 Pertenecio a la biblioteca personal de Emilio Cordero Michel
    Excluido de préstamo Patrimonio Dominicano Patrimonio Dominicano Patrimonio Dominicano En catalogación 31.03.2011 LF1   v. 3 27288-10 25.06.2020 25.06.2020 Libro y Folleto Colección Patrimonio Dominicano          
    Excluido de préstamo Patrimonio Dominicano Patrimonio Dominicano Patrimonio Dominicano En catalogación 01.04.2011 LF1   v. 3. e. 2 27288-20 25.06.2020 25.06.2020 Libro y Folleto Colección Patrimonio Dominicano          

Con tecnología Koha